000 00695nam a22002537a 4500
003 UA-OsUOA
001 93688
007 ta
008 20130125b un ||||| |||| 00| 0 ukr d
090 _a81
_bБ67
942 _cMG
040 _aUA-OsUOA
_bukr
_cUA-OsUOA
_dUA-OsUOA
245 _aБілліотечка "Дивослова"
_cГол. ред.Рибалко К.
300 _a64 с.
955 _a1
041 _aukr
080 _a81
260 _aК.
246 3 1 _aМетодичний журнал
_n
044 _aUA
962 _a2009
099 _a90663
650 7 _a8 Мовознавство. Художня література. Літературознавство
_2UDC
999 _c379932
_d379932